Les équipes des huitièmes de finale de l'UEFA Champions League 2024-25 - Statistiques

Statistiques générales
  • Ce quiz a été pris 166 fois
  • Le résultat moyen est 14 sur 16
Statistiques - réponses
Réponse % Correct
Paris Saint-Germain
100%
Real Madrid
100%
FC Barcelone
99%
Liverpool
98%
Borussia Dortmund
95%
Inter Milan
91%
Arsenal
88%
Bayern Munich
88%
Lille OSC
88%
Atletico Madrid
87%
Benfica
86%
Aston Villa
83%
Club Brugge
77%
PSV Eindhoven
74%
Bayer Leverkusen
67%
Feyenoord
61%
Aucun quiz correspondant
Distribution des résultats
% des personnes avec chaque résultat
Percentile par nombre de réponses
Votre historique - résultats
Vous n’avez pas pris ce quiz